|
|
|
|
| LEADER |
00000nas a2200000 i 4500 |
| 001 |
ssj0000565289 |
| 003 |
WaSeSS |
| 005 |
20200512172242.0 |
| 006 |
m d |
| 007 |
cr n |
| 008 |
101018c20119999nz uu p s 0 a0eng c |
| 010 |
|
|
|a 2013268521
|
| 016 |
7 |
|
|a 101586945
|2 DNLM
|
| 022 |
|
|
|a 1179-9870
|l 1179-9870
|
| 035 |
|
|
|a (WaSeSS)ssj0000565289
|
| 040 |
|
|
|a NZ1
|b eng
|e pn
|c NZ1
|d OCLCQ
|d CUD
|d SERSO
|d OCLCF
|d CUS
|d OCLCO
|d EUW
|d OCLCO
|d OCLCQ
|d NLM
|d OCLCO
|d WT2
|d OCLCO
|d OCLCQ
|d OCLCA
|d OCLCQ
|d AU@
|d OCLCA
|d OCLCQ
|d CNMTR
|d OCLCQ
|d WaSeSS
|
| 042 |
|
|
|a pcc
|
| 050 |
|
4 |
|a QH447
|
| 060 |
0 |
0 |
|a W1
|
| 082 |
0 |
4 |
|a 572.8605
|2 22
|
| 210 |
1 |
|
|a Adv. genomics genet.
|
| 210 |
1 |
0 |
|a Adv Genomics Genet
|2 dnlm
|
| 222 |
|
0 |
|a Advances in genomics and genetics
|
| 245 |
0 |
0 |
|a Advances in genomics and genetics
|h [electronic resource].
|
| 246 |
1 |
|
|i Title in HTML header:
|a Journal of advances in genomics and genetics
|
| 260 |
|
|
|a [Auckland, N.Z]. :
|b Dove Medical Press,
|c 2011-
|
| 362 |
1 |
|
|a Began with 2011:1.
|
| 506 |
|
|
|a License restrictions may limit access.
|
| 515 |
|
|
|a Articles added irregularly during the year and collected into annual issues.
|
| 588 |
0 |
|
|a 2011:1; title from journal home page (publisher's Web site, viewed June 28, 2013).
|
| 588 |
1 |
|
|a 2016:6 (viewed May 21, 2016).
|
| 650 |
|
0 |
|a Genomics
|v Periodicals.
|
| 650 |
|
0 |
|a Biochemical genetics
|v Periodicals.
|
| 650 |
1 |
2 |
|a Genomics.
|
| 650 |
1 |
2 |
|a Genetic Phenomena.
|
| 650 |
|
7 |
|a Biochemical genetics.
|2 fast
|0 (OCoLC)fst00831949
|
| 650 |
|
7 |
|a Genomics.
|2 fast
|0 (OCoLC)fst00940228
|
| 655 |
|
0 |
|a Electronic journals.
|
| 856 |
4 |
0 |
|z Full text available from Research Library: 01/01/2011 to present
|u https://search.proquest.com/publication/3933209
|